| 000 | 00608nam a2200229Ia 4500 | ||
|---|---|---|---|
| 005 | 20230426102903.0 | ||
| 008 | 131103s9999 xx 000 0 und d | ||
| 020 |
_a9.79E+12 _cRs.749.00 |
||
| 040 | _aLoreto College | ||
| 041 | _aEnglish | ||
| 082 |
_a339 _bFRO |
||
| 100 | _aFroyen,Richard T. | ||
| 245 |
_aMacroeconomics _b Theories and policies _cRichard T.Froyen |
||
| 250 | _a8th ed. | ||
| 260 |
_aNew Delhi _bDorling Kindersley(India) _c2012 |
||
| 300 | _a528p | ||
| 504 | _aIncludes glossary and index | ||
| 650 | _aMacroeconomics | ||
| 651 | _aEconomics | ||
| 850 | _aLCLIB | ||
| 942 | _cBK | ||
| 999 |
_c38699 _d89178 |
||